000 01591cam a22004574i 4500
003 PE-LiUPU
005 20250731173003.0
008 150623s r 000 0 d
020 _a0801058325
035 _a(Sirsi) i9780801058325
040 _aPE-LiUPU
_bspa
_cPE-LiUPU
_erda
049 _aPRUA
082 0 4 _a248.4
_bF76
_221
100 1 _aFord, David,
_d1948-,
_eautor.
245 1 4 _aThe shape of living :
_bspiritual directions for everyday life /
_cDavid F. Ford.
264 1 _aGrand Rapids, Michigan :
_bBaker Books,
_c1998.
300 _a201 páginas ;
_c21 centímetros
336 _atext
_2rdacontent
337 _aunmediated
_2rdamedia
338 _avolume
_2rdacarrier
504 _aIncluye bibliografía.
505 0 _aFaces and voices. -Vocations and compulsions. -Power, virtue, and wisdom. -Secrets and disciplines. -Leisure and work. -Knocked out of shape. -Kaleidoscope.
526 _aSEG42
526 _aSEG41
526 _aSEG40
526 _aSEG39
526 _aP94
526 _aP87
526 _aP86
526 _aP85
526 _aP77
526 _aP76
526 _aP35
650 0 4 _aVida cristiana
_xAutores Anglicanos.
942 _2ddc
_cBOOK
949 _a248.4 F76
_wDEWEY
_c1
_i45576
_lCCODEBUL1
_mBUL
_r0
_sY
_tBOOK
_u2015-6-24
_xTEOLOGIA
_PP35
_0COMPRA
_o.STAFF. Colección General
994 _aC0
_bPEPRU
596 _a1
999 _a248.4 F76
_wDEWEY
_c22443
_i45576
_f2021-11-10
_g5
_lCCODEBUL1
_mBUL
_r0
_sY
_tBOOK
_u2015-6-24
_xTEOLOGIA
_PP35
_0COMPRA
_o.STAFF. Colección General
_d22443
980 _81
_gALBERTO SANCHEZ Responsable de Automatización